You-your health-your community. (Record no. 1508)

MARC details
000 -LEADER
fixed length control field 00977cam a2200361 4500
001 - CONTROL NUMBER
control field data
005 - DATE AND TIME OF LATEST TRANSACTION
control field 20260322212103.0
008 - FIXED-LENGTH DATA ELEMENTS--GENERAL INFORMATION
fixed length control field data
035 ## - SYSTEM CONTROL NUMBER
System control number 4577500
010 ## - LIBRARY OF CONGRESS CONTROL NUMBER
LC control number 74501302
015 ## - NATIONAL BIBLIOGRAPHY NUMBER
National bibliography number B70-30079
020 ## - INTERNATIONAL STANDARD BOOK NUMBER
International Standard Book Number 0433191007
020 ## - INTERNATIONAL STANDARD BOOK NUMBER
International Standard Book Number 9780433191001
035 ## - SYSTEM CONTROL NUMBER
-- (DLC) 74501302
040 ## - CATALOGING SOURCE
Original cataloging agency DLC
Transcribing agency DLC
Modifying agency DLC
050 10 - LIBRARY OF CONGRESS CALL NUMBER
Classification number RA425
Item number .L47
060 ## - NATIONAL LIBRARY OF MEDICINE CALL NUMBER
Classification number WA 4 L494y 1970
082 00 - DEWEY DECIMAL CLASSIFICATION NUMBER
Classification number 613
100 1# - MAIN ENTRY--PERSONAL NAME
Personal name Leff, Sonya.
245 10 - TITLE STATEMENT
Title You-your health-your community.
260 ## - PUBLICATION, DISTRIBUTION, ETC.
Place of publication, distribution, etc. London,
Name of publisher, distributor, etc. Heinemann Medical,
Date of publication, distribution, etc. 1970.
300 ## - PHYSICAL DESCRIPTION
Extent viii, 127 p.
Other physical details illus.
Dimensions 22 cm.
336 ## - CONTENT TYPE
Content type term text
Content type code txt
Source rdacontent
337 ## - MEDIA TYPE
Media type term unmediated
Media type code n
Source rdamedia
338 ## - CARRIER TYPE
Carrier type term volume
Carrier type code nc
Source rdacarrier
504 ## - BIBLIOGRAPHY, ETC. NOTE
Bibliography, etc. note Includes bibliographies.
650 #0 - SUBJECT ADDED ENTRY--TOPICAL TERM
Topical term or geographic name entry element Health.
650 #0 - SUBJECT ADDED ENTRY--TOPICAL TERM
Topical term or geographic name entry element Public health.
650 #2 - SUBJECT ADDED ENTRY--TOPICAL TERM
Topical term or geographic name entry element Health.
650 #2 - SUBJECT ADDED ENTRY--TOPICAL TERM
Topical term or geographic name entry element Public Health.
906 ## - LOCAL DATA ELEMENT F, LDF (RLIN)
a 7
b cbc
c orignew
d 3
e ncip
f 19
g y-gencatlg
Holdings
Withdrawn status Lost status Damaged status Not for loan Home library Current library Shelving location Date acquired Total checkouts Full call number Barcode Date last seen Price effective from Koha item type
        Riverside Riverside General stacks 22/03/2026   613 LOC-RPL-00055 22/03/2026 22/03/2026 Books